000
00251nam a22001097a 4500
082
_a
355.02 OBA'S
100
_a
O' BALLANCE EDGAR
_9
46378
245
_a
THE SINAI COMPAIGN 1956
260
_a
LONDON
_b
FABER & FABER
_c
1959
300
_a
223P
942
_c
BK
999
_c
581065
_d
581065